| 000 | 00647nam a2200229Ia 4500 | ||
|---|---|---|---|
| 005 | 20240518130231.0 | ||
| 008 | 131103s9999 xx 000 0 und d | ||
| 020 | _a435916122 | ||
| 040 | _aLoreto College | ||
| 041 | _aEnglish | ||
| 082 |
_a896 _bINN |
||
| 245 |
_aCritical perspectives on Chinua Achebe _cedited by C.L.Innes and Bernth Lindfors |
||
| 260 |
_aLondon _bHeinemann _c1978 |
||
| 300 | _a316 p. | ||
| 504 | _aIncludes bibliographical references and index | ||
| 630 | _aAfrican Literature | ||
| 650 | _aAchehe,Chinua | ||
| 651 | _aCriticism and Interpretation | ||
| 700 | _aInnes,C.L.,ed. | ||
| 850 | _aLCLIB | ||
| 942 | _cBK | ||
| 999 |
_c13685 _d64164 |
||